| 000 | 00542nam a2200241Ia 4500 | ||
|---|---|---|---|
| 008 | 210210b2006 xxu||||| |||| 00| 0 eng d | ||
| 020 | _a0415390885 | ||
| 041 | _aeng | ||
| 082 | _a576.076 BAKI | ||
| 100 | _aBAKER (S) | ||
| 245 | _aInstant notes microbiology Ed 3 | ||
| 250 | _a | ||
| 260 |
_aNew York _bTaylor & Francis _c2006 |
||
| 300 | _aviii,427 | ||
| 650 | _anotes | ||
| 650 | _amicrobiology | ||
| 650 | _aInstant | ||
| 650 | _aEd | ||
| 650 | _a3 | ||
| 690 | _aMicrobiology | ||
| 700 | _aNICKLIN (J) | ||
| 906 | _a064834 | ||
| 999 |
_c142024 _d142024 |
||